000 01026nam a22002537a 4500
008 240610b mp ||||| |||| 00| 0 mon d
020 _a978-99973-1-819-0
035 _a44541
040 _aHUV0167120
_bmon
_cMN-UlNLM
_dMN-UlNLM
_erda
041 _amon
042 _a95438
084 _2NNA
_a84.8(0)
_bЧ-205
100 _aЧандар К
245 0 _aУруугаа ургасан мод
264 _aУлаанбаатар
_bМонсудар хэвлэлийн газар
_c2020
300 _a151х.
336 _2rdacontent
_atext
_btxt
337 _2rdamedia
_aunmediated
_bn
338 _2rdacarrier
_avolume
_bnc
490 _aГайхамшгийн эрэлд
650 _aБи бол гуталчны хүү хэмэн бахархах тэр хүүг Юсуф гэнэ. Тэр энэ зиндаагаа хааны гэр бүлийнхэнтэй ч адилтгаж үзэн. Тэр энэ зиндааг...
942 _2NNA
_cBK
999 _c1058734
_d1058791